Pierwsza koalicja antyfrancuska - strony konfliktu - Statystyki

Ogólne statystyki
  • Ten quiz został rozwiązany 9 razy
  • Średni wynik to 6 z 16
Statystyki odpowiedzi
Strona Daty w których uczestniczyli w wojnie Uczestnicy wojny % Poprawnych
Koalicja 1792-1797 Prusy
100%
Koalicja 1792-1797 Austria
88%
Koalicja 1792-1797 Portugalia
88%
Koalicja 1792-1797 Wielka Brytania
88%
Koalicja 1792-1796 Hiszpania
63%
Obrońcy 1796-1797 Hiszpania
63%
Koalicja 1792-1997 Królestwo Neapolu / Neapol
25%
Koalicja 1792-1797 Królestwo Sardynii / Sardynia
25%
Koalicja 1792-1797 Królestwo Sycylii / Sycylia
13%
Obrońcy Wrzesień 1792-1797 Republika Francuska
13%
Obrońcy 1792-wrzesień 1792 Królestwo Francuzów
0%
Obrońcy 1797 Legiony Polskie
0%
Obrońcy 1795-1797 Republika Batawska
0%
Obrońcy 1796-1797 Republika Cispadańska
0%
Obrońcy 1796-1797 Republika Transpadańska / Republika Lombardzka
0%
Koalicja 1792-1795 Republika Zjednoczonych Prowincji / Zjednoczone Prowincje
0%
Nie znaleziono quizów pasujących do podanych kryteriów
Rozkład punktacji
Procent ludzi z każdym wynikiem
Percentyl według liczby udzielonych odpowiedzi
Twoja historia wyników
Nie rozwiązałeś tego quizu